Nâng cao nhận thức xã hội đối với người tàn tật - một lĩnh vực ưu tiên ở Việt Nam /

Сохранить в:
Библиографические подробности
Главный автор: Nghiêm Xuân Tuệ
Формат: Статья
Язык:Vietnamese
Предметы:
Метки: Добавить метку
Нет меток, Требуется 1-ая метка записи!
Thư viện lưu trữ: Thư viện Trường Đại học Đà Lạt
LEADER 00877nam a2200289 4500
001 DLU060053905
040 # # |a DLU  |b vie 
041 # # |a vie 
044 # # |a vn 
100 # # |a Nghiêm Xuân Tuệ 
245 # # |a Nâng cao nhận thức xã hội đối với người tàn tật - một lĩnh vực ưu tiên ở Việt Nam /  |c Nghiêm Xuân Tuệ 
653 # # |a Chăm sóc sức khỏe 
653 # # |a Chính sách xã hội 
653 # # |a Người tàn tật 
653 # # |a Phát triển nhận thức 
773 # # |t Lao động và xã hội   |g Số 260, 2005, tr.3- 
920 # # |a Phòng Tạp chí -- Trung tâm Thông tin - Thư viện Trường Đại học Đà Lạt 
933 # # |a CP 
994 # # |a DLU 
900 # # |a True 
911 # # |a Nguyễn Thị Yên 
925 # # |a G 
926 # # |a A 
927 # # |a BB 
980 # # |a Thư viện Trường Đại học Đà Lạt